000 00465nam a2200181Ia 4500
001 18497
005 20260306171635.0
008 260306s9999||||xx |||||||||||||| ||und||
041 _aESP
082 _a658.406
_bP29
100 _aPauli, Gunter
_eAUT
245 0 _aLa economía azúl:
_b10 años, 100 innovaciones, 100 millones de empleos
260 _c2014
300 _a344 páginas :
_c22 cm.
650 _aGEN
654 _aCAN
942 _cLIB
_dJUS
_fJUS
_2ddc
_n
999 _c18497
_d18497